Geología práctica / (Record no. 88186)

MARC details
000 -LEADER
campo de control de longitud fija 00548nam a2200169 i 4500
001 - NÚMERO DE CONTROL
campo de control 88186
003 - IDENTIFICADOR DE NÚMERO DE CONTROL
campo de control ES-MaACL
005 - FECHA Y HORA DE LA ÚLTIMA TRANSACCIÓN
campo de control 20230906175821.0
007 - CAMPO FIJO DE DESCRIPCIÓN FÍSICA--INFORMACIÓN GENERAL
campo de control de longitud fija t|
008 - DATOS DE LONGITUD FIJA--INFORMACIÓN GENERAL
campo de control de longitud fija 050103s1958 sp ||||1| spa d
100 1# - ENTRADA PRINCIPAL--NOMBRE DE PERSONA
Nombre de persona Lahee, Frederic H.
9 (RLIN) 69636
245 10 - MENCIÓN DEL TÍTULO
Título Geología práctica /
Mención de responsabilidad, etc. Frederic H. Lahee ; traducción de la quinta edición americana por Rafael Candel Vila.
260 ## - PUBLICACIÓN, DISTRIBUCIÓN, ETC.
Lugar de publicación, distribución, etc. Barcelona :
Nombre del editor, distribuidor, etc. Omega,
Fecha de publicación, distribución, etc. [1958] (
Fabricante Condal)
300 ## - DESCRIPCIÓN FÍSICA
Extensión 874 p. :
Otras características físicas il. ;
Dimensiones 22 cm.
700 1# - ENTRADA AGREGADA--NOMBRE PERSONAL
Nombre de persona Candel Vila, Rafael.
9 (RLIN) 34451
852 ## - LOCALIZACIÓN
Ubicación ES-MaACL
Número de control de estantería C-15071
Sublocalización o colección R.42923
Holdings
Estatus retirado Estado de pérdida Estado de daño No para préstamo Biblioteca de origen Biblioteca actual Ubicación en estantería Fecha de adquisición Fuente de adquisición Total de préstamos Signatura topográfica completa Código de barras Visto por última vez Precio de reemplazo Tipo de ítem Koha
        Biblioteca del Ateneo de Madrid Biblioteca del Ateneo de Madrid Ficheros 17/01/2008     C-15071 1092120 23/02/2023 23/02/2023 Libro impreso